00290pab a2200133 454500008004000000100002300040245002100063260000900084300001000093362001100103650001900114650001100133773001200144180718b1996 xxu||||| |||| 00| 0 eng d aRao, K. Vijay Rama aPeople's police? c1996 ap.M-1 a15 Dec aPolice - India aPolice aTribune